| 000 | 01808nam a2200253Ii 4500 | ||
|---|---|---|---|
| 008 | 221202s xx 000 0 und d | ||
| 245 | 0 | _aGlobal humanitarianism and media culture | |
| 264 | 1 |
_aManchester _bManchester University Press _c2019 |
|
| 300 | _a1 online resource | ||
| 336 |
_atext _btxt _2rdacontent |
||
| 337 |
_acomputer _bc _2rdamedia |
||
| 338 |
_aonline resource _bcr _2rdacarrier |
||
| 490 | _aHumanitarianism: Key Debates and New Approaches | ||
| 520 | _aThere is as yet no collection that examines the longer histories of global humanitarianism and media culture, which would enable readers to consider the various continuities, as well as the differences, characterising the mass media's relationship with international humanitarian crisis and relief. This collection examines this relationship from the 1950s to the present, from Marshall Plan documentaries and the promotion of the Peace Corps in the decades following the Second World War to the role of Facebook in the work of NGOS and the media's response to the current refugee crisis. The majority of the contributors to the proposed volume are specialists in the fields of media, film and cultural studies and approach the question of humanitarianism-media culture relations from a variety of critical and theoretical perspectives, and draw on other disciplines such as sociology, journalism, politics and anthropology. | ||
| 653 | _aDevelopment | ||
| 653 | _aDocumentary | ||
| 653 | _aHumanitarianism | ||
| 653 | _aPolitical Science | ||
| 653 | _aThe Peace Corps | ||
| 700 | 1 | _aLawrence, Michael | |
| 700 | 1 | _aTavernor, Rachel | |
| 856 |
_uhttps://docs.google.com/spreadsheets/d/1yKIrdCPDAG_9c22mwoOIO2DOhtj65Wqa/edit?usp=sharing&ouid=106555315294820607512&rtpof=true&sd=true _yList of Curated E-Books |
||
| 942 | _cE-BOOK | ||
| 999 |
_c93853 _d93850 |
||